000 00426nam a2200145Ia 4500
008 210210b1996 xxu||||| |||| 00| 0 eng d
082 _a382.92 IYER
100 _aIYER (V R Krishna) and others.
245 _aReport people's commission on GATT.
260 _aNew Delhi.
_bCentre for Study of Global Trade System & Development.,
_c1996
300 _a220
650 _aGATT
690 _aInternational Trade
906 _a052558
999 _c100858
_d100858